References on agriculture in the life of the nation. (Record no. 9928)
[ view plain ]
| 000 -LEADER | |
|---|---|
| fixed length control field | 01053cam a22002651 4500 |
| 001 - CONTROL NUMBER | |
| control field | agr39000041 |
| 003 - CONTROL NUMBER IDENTIFIER | |
| control field | DLC |
| 005 - DATE AND TIME OF LATEST TRANSACTION | |
| control field | 20260227110957.0 |
| 008 - FIXED-LENGTH DATA ELEMENTS--GENERAL INFORMATION | |
| fixed length control field | 820202s1939 dcu f000 0 eng c |
| 010 ## - LIBRARY OF CONGRESS CONTROL NUMBER | |
| LC control number | agr39000041 |
| 035 ## - SYSTEM CONTROL NUMBER | |
| System control number | (OCoLC)8120136 |
| 040 ## - CATALOGING SOURCE | |
| Original cataloging agency | U.S. Dept. of agr. Library |
| Transcribing agency | Vi |
| Modifying agency | DLC |
| 042 ## - AUTHENTICATION CODE | |
| Authentication code | premarc |
| 050 00 - LIBRARY OF CONGRESS CALL NUMBER | |
| Classification number | Z5073 |
| Item number | .U57 no. 34 |
| 082 ## - DEWEY DECIMAL CLASSIFICATION NUMBER | |
| Classification number | 016.63 |
| 086 0# - GOVERNMENT DOCUMENT CLASSIFICATION NUMBER | |
| Classification number | A 17.8:no.34 |
| 100 1# - MAIN ENTRY--PERSONAL NAME | |
| Personal name | Edwards, Everett Eugene, |
| Dates associated with a name | 1900- |
| 245 10 - TITLE STATEMENT | |
| Title | References on agriculture in the life of the nation. |
| Statement of responsibility, etc. | By Everett E. Edwards ... |
| 260 ## - PUBLICATION, DISTRIBUTION, ETC. | |
| Place of publication, distribution, etc. | Washington, D.C. |
| Date of publication, distribution, etc. | [1939] |
| 300 ## - PHYSICAL DESCRIPTION | |
| Extent | v, 73 p. |
| Dimensions | 27 cm. |
| 490 0# - SERIES STATEMENT | |
| Series statement | U.S. Dept. of Agriculture. Library. Bibliographical contributions |
| Volume/sequential designation | no. 34 |
| 500 ## - GENERAL NOTE | |
| General note | Contribution from Bureau of Agricultural Economics. |
| 500 ## - GENERAL NOTE | |
| General note | Revision and enlargement of a publication with title Agriculture in the life on the nation, a selected list of references, issued by the U.S. Bureau of Agricultural Economics, August 1930 and March 1931. |
| 650 #0 - SUBJECT ADDED ENTRY--TOPICAL TERM | |
| Topical term or geographic name entry element | Agriculture |
| Geographic subdivision | United States |
| Form subdivision | Bibliography. |
No items available.